| 000 | 01175nam a22003257a 4500 | ||
|---|---|---|---|
| 005 | 20260422123134.0 | ||
| 008 | 260422b2026 ag ||||| |||| 00| 0 spa d | ||
| 020 |
_aTI Audiencia in Voce - Cuestión Preliminar - Sentencia /26 fecha 17/4/26 _bIV |
||
| 110 |
_aTribunal de Impugnación _91 |
||
| 245 |
_a"CAYÚN, BEATRIZ ESTER S/ INCENDIO SEGUIDO DE MUERTE"/ _cTribunal de Impugnación |
||
| 300 | _a00:07:57 | ||
| 518 | _a17/04/26 | ||
| 653 | _aANIMUS CURIAE | ||
| 653 | _aAMIGOS DEL TRIBUNAL | ||
| 653 | _aASOCIACIONES CIVILES | ||
| 653 | _aPARTICIPACIÓN CIUDADANA | ||
| 653 | _aAc. 7/2013 CSJN | ||
| 653 | _aCUESTIONES DE TRASCENDENCIA COLECTIVA | ||
| 653 | _aINTERÉS GENERAL | ||
| 653 | _aDERECHOS DE INCIDENCIA COLECTIVA | ||
| 653 | _aDEBIDO PROCESO | ||
| 653 | _aPRINCIPIO DEL CONTRADICTORIO | ||
| 653 | _aPROCESO ADVERSARIAL | ||
| 700 |
_aJuan Jose Nazareno Eulogio _942 |
||
| 700 | 1 |
_aPatricia Romina Lupica Cristo _948 |
|
| 700 | 1 |
_aMacagno, Mauricio _9284 |
|
| 774 | _aLEG 50239/24 | ||
| 856 |
_uhttps://drive.google.com/file/d/1Pb1lPyYXAh7fK1Tejm9vtPuK74PKMvTZ/view?usp=sharing _yAudiencia in Voce - Cuestión Preliminar |
||
| 942 |
_2ddc _cIV |
||
| 999 |
_c1273 _d1273 |
||